| 000 | 02061nam a22004697a 4500 | ||
|---|---|---|---|
| 003 | CHAP | ||
| 005 | 20220329134220.0 | ||
| 008 | 971013s1922 r 00010 d | ||
| 010 | _a17100 | ||
| 011 | _a18072 | ||
| 035 | _a22156 | ||
| 040 | _cCHAP | ||
| 082 |
_a551.49 _bG65 |
||
| 100 | 0 | 0 |
_aGonzález Quijano, Pedro M. _949300 |
| 245 | _aHidrología general agrícola | ||
| 260 |
_aMadrid : _bCalpe, _c1922 |
||
| 300 |
_a338 p. _b: ilus. |
||
| 500 | _aDe la c.4 a la c.40 en BPP | ||
| 590 |
_aBATCH-UPD _b10 _c20130110 _lUCH01 _h0912 |
||
| 590 |
_aBATCH-UPD _b10 _c20130410 _lUCH01 _h0537 |
||
| 590 |
_aBATCH-UPD _b10 _c20130914 _lUCH01 _h1614 |
||
| 590 |
_aCONVERSION _b10 _c20130109 _lUCH01 _h1311 |
||
| 650 | 1 | 4 |
_aHidrología. _955257 |
| 901 | _aBK | ||
| 942 | _cLIBRO | ||
| 949 |
_a551.49 G65 _bBC _cLIBRO _d33724000468245 _eLIBRO _fc.5 _h7728 _i22156 _si |
||
| 949 |
_a551.49 G65 _bBC _cLIBRO _d33724000468377 _eLIBRO _fc.2 _h7725 _i22156 _si |
||
| 949 |
_a551.49 G65 _bBC _cLIBRO _d33724000468518 _eLIBRO _fc.15 _h7738 _i22156 _si |
||
| 949 |
_a551.49 G65 _bBC _cLIBRO _d33724000468526 _eLIBRO _fc.17 _h7740 _i22156 _si |
||
| 949 |
_a551.49 G65 _bBC _cLIBRO _d33724000468534 _eLIBRO _fc.16 _h7739 _i22156 _si |
||
| 949 |
_a551.49 G65 _bBC _cLIBRO _d33724000468559 _eLIBRO _fc.12 _h7735 _i22156 _si |
||
| 949 |
_a551.49 G65 _bBC _cLIBRO _d33724000468567 _eLIBRO _fc.10 _h7733 _i22156 _si |
||
| 949 |
_a551.49 G65 _bBC _cLIBRO _d33724000468575 _eLIBRO _fc.14 _h7737 _i22156 _si |
||
| 949 |
_a551.49 G65 _bBC _cLIBRO _d33724000468583 _eLIBRO _fc.9 _h7732 _i22156 _si |
||
| 949 |
_a551.49 G65 _bBC _cLIBRO _d33724000468591 _eLIBRO _fc.8 _h7731 _i22156 _si |
||
| 949 |
_a551.49 G65 _bBC _cLIBRO _d33724000765103 _eLIBRO _fc.11 _h7734 _i22156 _si |
||
| 949 |
_a551.49 G65 _bBC _cLIBRO _d33724000936001 _eLIBRO _fc.13 _h7736 _i22156 _si |
||
| 949 |
_a551.49 G65 _bBC _cLIBRO _d33724000936910 _eLIBRO _fc.4 _h7727 _i22156 _si |
||
| 949 |
_a551.49 G65 _bBC _cLIBRO _d33724002015347 _eLIBRO _fc.7 _h7730 _i22156 _si |
||
| 949 |
_a551.49 G65 _bBC _cMUT _d-51696 _eMUT _h7724 _i22156 _si |
||
| 949 |
_a551.49 G65 _bBC _cMUT _d-51701 _eMUT _fc.3 _h7726 _i22156 _si |
||
| 999 |
_c17100 _d17100 |
||